Green belt alarm marks landmark (Record no. 75403)

MARC details
000 -LEADER
fixed length control field 01274cab a2200193 4500
001 - CONTROL NUMBER
control field L130028
008 - FIXED-LENGTH DATA ELEMENTS--GENERAL INFORMATION
fixed length control field 050616n2005 000 0 eng u
035 ## - SYSTEM CONTROL NUMBER
System control number (Sirsi) u130028
041 ## - LANGUAGE CODE
Language code of text/sound track or separate title eng
100 ## - MAIN ENTRY--PERSONAL NAME
Personal name Baker, Chris
245 ## - TITLE STATEMENT
Title Green belt alarm marks landmark
260 ## - PUBLICATION, DISTRIBUTION, ETC.
Date of publication, distribution, etc. 2005
490 ## - SERIES STATEMENT
Series statement Planning (for the Natural and Built Environment)
Volume/sequential designation (1622) 3 June 2005, 8(1)
520 ## - SUMMARY, ETC.
Summary, etc. Reviews the Campaign to Protect Rural England's (CPRE) report "Green belts 50 years on", which warns that green belts are now in greater need of protection 50 years after their introduction and that the biggest threat to them stems from government itself. Huge green belt areas could be taken over by the needs of the sustainable communities plan, the Northern Way strategy and the aviation white paper unless green belt policy is strengthened and enforced. CPRE believes that there is scope for eight new green belts in England. Presents a range of professional assessments of CPRE's proposals and comments by some of the local authorities responsible for the new green belts.
590 ## - LOCAL NOTE (RLIN)
Local note IKA210605
690 ## - LOCAL SUBJECT ADDED ENTRY--TOPICAL TERM (OCLC, RLIN)
Topical term or geographic name as entry element ENVIRONMENTAL AND LAND CONSULTANCY-PLANNING AND DEVELOPMENT
856 ## - ELECTRONIC LOCATION AND ACCESS
Uniform Resource Identifier <a href="https://www.cpre.org.uk">https://www.cpre.org.uk</a>
Public note View the report free of charge at www.cpre.org.uk
942 ## - ADDED ENTRY ELEMENTS (KOHA)
Suppress in OPAC 0
Holdings
Withdrawn status Lost status Source of classification or shelving scheme Damaged status Not for loan Home library Current library Shelving location Date acquired Total Checkouts Full call number Barcode Date last seen Copy number Price effective from Koha item type
    Dewey Decimal Classification     London London Journal article 16/06/2005   L130028 130028-1001 06/08/2019 1 06/08/2019 Journal article